| 000 | 00844 a2200229 4500 | ||
|---|---|---|---|
| 001 | 54252 | ||
| 005 | 20260407155813.0 | ||
| 008 | 260407a1960 arg spa d | ||
| 003 | AR-UNSa-BCEJYS | ||
| 040 |
_aAR-UNSa-BCEJYS _bspa _cAR-UNSa-BCEJYS |
||
| 080 |
_a330.342.146 _xEconomía social de mercado. Economía del estado del bienestar |
||
| 245 | 1 | 0 | _aEconomía social teorica |
| 250 | _a5a. ed. rev. | ||
| 264 | 1 |
_aMadrid : _bAguilar _c1960 |
|
| 300 |
_axv, 600 p. _c21 cm. |
||
| 505 | _a1. Idea de conjunto sobre la economía política - 2. Formación de los precios de los factores de la producción - 3. El dinero - 4. Teoría de los movimientos de coyuntura - 5. El comercio internacional | ||
| 041 | _aspa | ||
| 942 | _cBK | ||
| 590 | _aniveau_biblio:m niveau_hierar:0 | ||
| 100 | 1 | _aCassel, Gustav | |
| 700 | 1 | _aParedes, Miguel | |
| 999 |
_c5423 _d5423 |
||